[Event "ITT Cinco Soles"]
[Site "Pinamar ARG"]
[Date "2008.03.29"]
[Round "5"]
[White "Rodi,L"]
[Black "Guerrero,Alv"]
[Result "1-0"]
[WhiteElo "2366"]
[BlackElo "2228"]

1.d4 Nf6 2.Bg5 g6 3.Bxf6 exf6 4.e3 Bg7 5.h4 O-O 6.h5 d6 7.Bd3 c5 8.hxg6 hxg6
9.Ne2 Nc6 10.c3 Re8 11.Qc2 cxd4 12.exd4 Be6 13.Qd2 Qe7 14.Na3 Rac8 15.Kf1 f5
16.Nc2 Qf6 17.Qf4 Bd5 18.f3 Ne7 19.Ne3 a6 20.Kf2 Bc6 21.Qh2 Nd5 22.Nxd5 Bxd5
23.Nf4 Bc6 24.Rae1 b5 25.a3 a5 26.Re2 b4 27.axb4 axb4 28.Rhe1 Rxe2+ 29.Nxe2 bxc3
30.bxc3 Rb8 31.Qf4 Rb2 32.Kg1 Qe7 33.Qc1 Rb8 34.Qf4 Rb2 35.Kf1 Bf6 36.Ng3 Qd8
37.Qc1 Rb8 38.Ne2 Kg7 39.Kf2 Bg5 40.f4 Bh4+ 41.g3 Bf6 42.c4 Qb6 43.Qc3 Rh8
44.Ke3 Rh2 45.c5 Qd8 46.cxd6 Qxd6 47.Qc5 Qe6+ 48.Kd2 Qa2+ 49.Ke3 Qe6+ 50.Kd2 Qa2+
51.Ke3 Qe6+ 52.Kd2 Bf3 53.Qc4 Qb6 54.Ke3 Ba8 55.Rb1 Qd8 56.Rb5 Qe7+ 57.Kd2 Bb7
58.Qb4 Bf3 59.Qxe7 Bxe7 60.Ke3 Bg4 61.Rb7 Kf6 62.Nc3 Ba3 63.Be2 Bc1+ 64.Kd3 Rg2
65.Bxg4 fxg4 66.Ne2 Ba3 67.Rb5 Bd6 68.Rg5 Ke6 69.d5+ Kd7 70.Rxg4 Be7 71.f5 gxf5
72.Rf4 f6 73.Rxf5 Kd6 74.Ke3 Rh2 75.Kf3 Rh1 76.Nf4 Kc5 77.Kg4 Kd6 78.Nh5 Rd1
79.Nxf6 Bxf6 80.Rxf6+ Kxd5 81.Kg5 Rg1 82.g4 Ke5 83.Rf8 Ke6 84.Kh5 Ke7 85.Rf4 Ra1
86.g5 Rh1+ 87.Kg6 Ra1 88.Kh6 Rh1+ 89.Kg7 Rh3 90.Re4+ Kd6 91.g6 Kd5 92.Re8 Rg3
93.Kf7 Rf3+ 94.Kg8 Kd6 95.g7 Rg3 96.Re4  1-0

[Event "IRT Cinco Soles"]
[Site "Pinamar ARG"]
[Date "2008.03.29"]
[Round "5"]
[White "Garcia,Max"]
[Black "Tumini,L"]
[Result "0-1"]
[WhiteElo "2015"]
[BlackElo "2100"]

1.d4 d5 2.Bg5 Nf6 3.Nd2 Bf5 4.e3 e6 5.f4 Be7 6.Ngf3 Nbd7 7.Be2 Ne4 8.Bxe7 Qxe7
9.Nxe4 Bxe4 10.O-O Bxf3 11.Bxf3 f5 12.c4 c6 13.Qc2 O-O 14.g4 g6 15.g5 h6
16.h4 hxg5 17.hxg5 Kg7 18.Kf2 Rh8 19.Rh1 Rxh1 20.Rxh1 Rh8 21.Kg3 Rxh1 22.Bxh1 Qb4
23.Qh2 Qe1+ 24.Kf3 Nf8 25.c5 b6 26.cxb6 axb6 27.a3 c5 28.dxc5 bxc5 29.b4 d4
30.exd4 cxd4  0-1

[Event "Sozina Open"]
[Site "Bar MNE"]
[Date "2008.03.30"]
[Round "3"]
[White "Stojanovic,Da"]
[Black "Stanojevic,B"]
[Result "1-0"]
[WhiteElo "2496"]
[BlackElo "2301"]

1.d4 Nf6 2.Bg5 d5 3.Nc3 c6 4.Qd3 Nbd7 5.O-O-O e6 6.e4 dxe4 7.Nxe4 Qa5 8.Bxf6 Nxf6
9.Nxf6+ gxf6 10.Kb1 Bd7 11.Qf3 Be7 12.Bc4 O-O-O 13.Ne2 h5 14.h4 Rdg8 15.g3 Rg4
16.Qd3 f5 17.c3 Bd6 18.f4 Rd8 19.Qe3 Kb8 20.Nc1 c5 21.Nb3 Qa4 22.Be2 Bc6
23.dxc5 Qe4+ 24.Qxe4 Bxe4+ 25.Kc1 Rxg3 26.cxd6 Bxh1 27.Rxh1 Rxd6 28.Nd4 Rd8
29.Bxh5 Rg7 30.Bf3 a6 31.h5 Rh8 32.Kd2 Kc7 33.Ke3 Rgh7 34.Rd1 Re8 35.Kf2 Rg8
36.a4 Rd8 37.a5 Rd6 38.b4 Kd7 39.Rb1 b5 40.Re1 Rh8 41.Nb3 Ke7 42.Nc5 Kf6
43.Rd1 Ke7 44.Rh1 Rd2+ 45.Ke3 Rc2 46.Rd1 Rxc3+ 47.Rd3 Rxd3+ 48.Kxd3 f6 49.Nxa6 e5
50.Ke3 e4 51.Be2 Kd6 52.Bxb5 Rxh5 53.Bc4 Rh3+ 54.Kd4 Ra3 55.Nc5 Ra1 56.Nb3 Rd1+
57.Ke3 Re1+ 58.Kd2 Rh1 59.b5 Rh3 60.a6 Rh2+  1-0

[Event "Sozina Open"]
[Site "Bar MNE"]
[Date "2008.04.01"]
[Round "5"]
[White "Miladinovic,I"]
[Black "Georgiev,Ki"]
[Result "1/2-1/2"]
[WhiteElo "2604"]
[BlackElo "2662"]

1.d4 Nf6 2.Bg5 d5 3.e3 c5 4.Bxf6 gxf6 5.c4 dxc4 6.Bxc4 cxd4 7.exd4 Bg7 8.Nc3 O-O
9.Nge2 Nc6 10.O-O f5 11.d5 Ne5 12.Bb3 Qd6 13.h3 Bd7 14.Ba4 Nc4 15.Bxd7 Qxd7
16.b3 Nb6 17.Qd3 Rac8 18.Rad1 Rc5 19.Qf3 Rfc8 20.Rd3 Kh8  1/2-1/2

[Event "Sozina Open"]
[Site "Bar MNE"]
[Date "2008.04.01"]
[Round "5"]
[White "Katanic Vujic,P"]
[Black "Abramovic,B"]
[Result "1/2-1/2"]
[WhiteElo "2320"]
[BlackElo "2499"]

1.d4 Nf6 2.Bg5 d5 3.Bxf6 exf6 4.e3 c6 5.c4 dxc4 6.Bxc4 Nd7 7.Nc3 Bd6 8.Nge2 f5
9.h4 Nf6 10.g3 Qe7 11.Nf4 Bxf4 12.gxf4 Be6 13.Qb3 Bxc4 14.Qxc4 O-O-O 15.O-O-O Kb8
16.Kb1 g6 17.Rc1 h5 18.Rc2 Nd5 19.a3 Rd7 20.Ne2 Qe4 21.Ng3 Qe6 22.Nf1 Rhd8
23.Nd2 Nc7 24.Qxe6  1/2-1/2

[Event "TCh-RUS w"]
[Site "Dagomys RUS"]
[Date "2008.04.04"]
[Round "3"]
[White "Dolgova,O"]
[Black "Kosintseva,T"]
[Result "0-1"]
[WhiteElo "2249"]
[BlackElo "2497"]

1.d4 Nf6 2.Bg5 d5 3.e3 g6 4.Bd3 Bg7 5.Nd2 Nbd7 6.f4 c5 7.c3 Qb6 8.Rb1 Qe6
9.Qf3 h6 10.f5 gxf5 11.Bxf5 Qd6 12.Bh4 Nf8 13.Bc2 Bg4 14.Qf2 cxd4 15.cxd4 Rc8
16.Bd3 Ng6 17.Bg3 Qb4 18.Ne2 O-O 19.Nc3 Ne4 20.Bxe4 dxe4 21.O-O f5 22.Nb3 a5
23.Nd5 Qb5 24.Nc7 Qb6 25.Nd5 Qc6 26.Nf4 Nxf4 27.Bxf4 Qd5 28.h3 Bh5 29.Rbc1 a4
30.Nd2 e6 31.b3 Kh7 32.Nc4 Rc6 33.Qb2 axb3 34.axb3 Ra8 35.Ne5 Rb6 36.Rc3 Qb5
37.Rb1 Rba6 38.Rc5 Qb4 39.Rc4 Qb5 40.Rc5 Qb4 41.Rc4 Qe7 42.Ra4 Be8 43.Rxa6 Rxa6
44.Rc1 Bc6 45.Nxc6 bxc6 46.Ra1 Qa7 47.Rxa6 Qxa6 48.Qc3 Qb5 49.Qc2 Kg6 50.Kf2 h5
51.Qc4 Qd5 52.Qxd5 exd5 53.Bd6 Bf6 54.Kg3 Bg5 55.Kf2 Kf6 56.Ke2 Ke6 57.Bb8 Be7
58.Ba7 Bd6 59.Bb6 Kd7 60.Ba5 Kc8 61.Kd1 Kb7 62.Bd2 Ka6 63.Kc2 Kb5 64.Bc1 Kb4
65.Bd2+ Kb5 66.Bc1 Be7 67.Kc3 Bg5 68.Bd2 Bh4 69.Kc2 Bf6 70.Bc3 Bg7 71.g3 Bf8
72.h4 Bd6 73.Be1 Bc7 74.Bf2 Ba5 75.Kb2 Bb4 76.Kc2 c5 77.dxc5 Kxc5 78.Kb2 Kd6
79.Kc2 Ke6 80.Kd1 Bc5 81.Kd2 Bb4+ 82.Kd1 Ke5 83.Kc2 Ba5 84.Kb2 Kd6 85.Kc2 Bb4
86.Kb2 Bd2 87.Kc2 Ba5 88.Kb2 Kc5 89.Kc2 Bc7 90.Kc3 Be5+ 91.Kc2 Kb4 92.Be1+ Ka3
93.Bf2 Bf6 94.Be1 Be7 95.Bc3 Bd6 96.Be1 Bc7 97.Bf2 Ba5 98.Bg1 Be1 99.Bh2 Bf2
100.Kd2 d4 101.exd4 Bxd4 102.Kc2 Kb4 103.g4 fxg4 104.Bd6+ Kb5 105.Bg3 Kc5
106.Kd2 Kd5 107.Ke2 Be5 108.Be1 Bf4 109.Bc3 e3 110.Be1 Ke4 111.b4 Bh2 112.b5 g3  0-1

[Event "TCh-RUS Major League"]
[Site "Dagomys RUS"]
[Date "2008.04.05"]
[Round "3"]
[White "Deviatkin,A"]
[Black "Gladyszev,O"]
[Result "1/2-1/2"]
[WhiteElo "2568"]
[BlackElo "2497"]

1.d4 Nf6 2.Bg5 c5 3.Bxf6 gxf6 4.c3 Qb6 5.Qc2 cxd4 6.cxd4 Nc6 7.e3 d5 8.Nc3 Bf5
9.Qd2 e6 10.Nf3 Rg8 11.Nh4 Be4 12.Be2 Be7 13.f3 Bg6 14.g3 O-O-O 15.Rc1 Kb8
16.Na4 Qb4 17.Qxb4 Bxb4+ 18.Kf2 Bd2 19.Rcd1 Ba5 20.Nc5 e5 21.a3 exd4 22.exd4 Bc2
23.b4 Bxd1 24.Rxd1 Bb6 25.Nf5 a6 26.f4 Na7 27.Bh5 Nb5 28.Bxf7 Rgf8 29.Bh5 Bxc5
30.dxc5 Nxa3 31.Nd4 Rd7 32.Bg4 Re7 33.Rd3 Nb5 34.Ne6 Rg8 35.Bh3 Nc7 36.f5 Kc8
37.Kf3 Nxe6 38.fxe6 Rg5 39.Kf4 Rh5 40.Bg4 Re5 41.Bf5 Re2 42.Rxd5 Rxh2 43.g4 Rb2
44.Rd4 Kc7 45.Ke4 Re2+ 46.Kf3 Rb2 47.Ke4 Re2+ 48.Kf3 Rb2 49.Ke4  1/2-1/2

[Event "TCh-RUS Major League"]
[Site "Dagomys RUS"]
[Date "2008.04.09"]
[Round "7"]
[White "Nikolaev,Niki"]
[Black "Zharov,D"]
[Result "1-0"]
[WhiteElo "2424"]
[BlackElo "2348"]

1.d4 Nf6 2.Bg5 c5 3.d5 Qb6 4.Nc3 Qxb2 5.Bd2 Qb6 6.e4 d6 7.f4 e6 8.Rb1 Qd8
9.Bb5+ Bd7 10.dxe6 fxe6 11.Bc4 Nc6 12.Nf3 Na5 13.Qe2 Nxc4 14.Qxc4 Bc6 15.Ng5 d5
16.Qe2 Nxe4 17.Ncxe4 dxe4 18.Nxe6 Qd7 19.f5 Bd5 20.Qh5+ Qf7 21.Nc7+ Kd7 22.Qxf7+ Bxf7
23.Nxa8 Bd5 24.Bf4 Bd6 25.Bxd6 Kxd6 26.Rd1  1-0

[Event "TCh-FRA Top 16 Gp A"]
[Site "Noyon FRA"]
[Date "2008.04.10"]
[Round "4"]
[White "Prie,E"]
[Black "Damljanovic,B"]
[Result "1/2-1/2"]
[WhiteElo "2532"]
[BlackElo "2582"]

1.d4 Nf6 2.Bg5 c5 3.d5 Ne4 4.Bf4 Qb6 5.Bc1 g6 6.f3 Nf6 7.e4 d6 8.Na3 Qd8
9.Nc4 Bg7 10.a4 O-O 11.Ne2 e6 12.Nc3 exd5 13.exd5 Nbd7 14.Be2 Ne8 15.O-O Ne5
16.Ne3 f5 17.f4 Nf7 18.h3 Qe7 19.Kh2 Nc7 20.Ra3 Bd7 21.Nb5 Ne8 22.Nc4 Qd8
23.Bd2 b6 24.Bc3 a6 25.Bxg7 Kxg7 26.Nc3 Rb8 27.Ne3 Nc7 28.b4 Re8 29.bxc5 bxc5
30.Nc4 Rb4 31.Rb3 Qf6 32.Qd2 Reb8 33.Rfb1 Rxb3 34.Rxb3 Rxb3 35.cxb3 Qd4 36.Bf3 Kf8
37.Kg3 Ke7  1/2-1/2

[Event "TCh-FRA Top 16 Gp B"]
[Site "Montpellier FRA"]
[Date "2008.04.11"]
[Round "5"]
[White "Roos,Dan"]
[Black "Heinz,Ti"]
[Result "1/2-1/2"]
[WhiteElo "2408"]
[BlackElo "2310"]

1.d4 Nf6 2.Bg5 d5 3.e3 c5 4.Bxf6 gxf6 5.c4 cxd4 6.Qxd4 Be6 7.cxd5 Qxd5 8.Qxd5 Bxd5
9.Nc3 Bc6 10.Nge2 e6 11.Nd4 a6 12.O-O-O Be7 13.Rg1 b5 14.Be2 Bb7 15.Kb1 O-O
16.Bf3 Ra7 17.Rd2 Rd8 18.Rgd1 Bxf3 19.gxf3 Rad7 20.Kc2 Kf8 21.a4 bxa4 22.Nxa4 Rd6
23.Nc3 Rc8 24.Kb1  1/2-1/2

[Event "Gausdal Classics GMA"]
[Site "Gausdal NOR"]
[Date "2008.04.12"]
[Round "5"]
[White "Macieja,B"]
[Black "Gopal,G"]
[Result "1/2-1/2"]
[WhiteElo "2599"]
[BlackElo "2562"]

1.d4 Nf6 2.Bg5 d5 3.e3 c5 4.c3 Nbd7 5.Nf3 Ne4 6.Bf4 g6 7.Bd3 Bg7 8.Bxe4 dxe4
9.Ng5 Qb6 10.Qb3 O-O 11.Qxb6 axb6 12.Nxe4 e5 13.dxe5 Nxe5 14.Bxe5 Bxe5 15.Nbd2 Be6
16.a3 Bd5 17.O-O Rfe8 18.Rfd1 Rad8 19.Kf1 Kg7 20.Ng5 b5 21.Ngf3 Bf6 22.e4 Bxe4
23.Nxe4 Rxd1+ 24.Rxd1 Rxe4 25.Rd5 b4 26.Rxc5 bxa3 27.bxa3 Ra4 28.Nd2 Rxa3
29.Ne4 Ra4 30.Nxf6 Kxf6 31.Rb5 Rc4 32.Rb3 Rc7 33.Ke2 Ke5 34.Rb5+ Kd6 35.Kd3 Kc6
36.Re5  1/2-1/2

[Event "Gausdal Classics GMB"]
[Site "Gausdal NOR"]
[Date "2008.04.13"]
[Round "6"]
[White "Royset,P"]
[Black "Afek,Y"]
[Result "0-1"]
[WhiteElo "2204"]
[BlackElo "2333"]

1.d4 Nf6 2.Bg5 d5 3.Bxf6 exf6 4.e3 Bd6 5.c4 dxc4 6.Bxc4 c6 7.Nc3 f5 8.Nf3 Nd7
9.Qc2 Nf6 10.O-O-O O-O 11.Kb1 b5 12.Bd3 g6 13.h4 Qe7 14.h5 Nxh5 15.Rxh5 gxh5
16.Bxf5 b4 17.Na4 Bxf5 18.Qxf5 Qe6 19.Qc2 Rfe8 20.Nh4 Rab8 21.Nf5 Bf8 22.f3 b3
23.axb3 Rxb3 24.d5 Qf6 25.Qxb3 Qxf5+ 26.e4 Qg6 27.dxc6 Qxc6 28.Rd5 h4 29.Rg5+ Bg7
30.Nc5 h6 31.Rf5 Qg6 32.Qd5 Rb8 33.Nd3 Qxg2 34.e5 Qg6 35.Rf4 h3 36.Rg4 Qf5
37.Qe4 Qe6 38.Qe2 Kh8 39.f4 Rb3 40.Rh4 Qf5 41.Kc2 Rb6 42.Qf3 Bxe5 43.Qxh3 Qxh3
44.Rxh3 Bg7 45.Rh5 Kh7 46.Rd5 Rb7 47.b4 Kg6 48.f5+ Kg5 49.b5 Kg4 50.Nf2+ Kf3
51.f6 Bf8 52.Rf5+ Kg3 53.Kd3 h5 54.Ke2 Rc7 55.Rg5+ Kh4 56.Ne4 Bd6 57.Kf3 Bh2
58.Rd5 Rc1 59.Rd7 Rf1+ 60.Kg2 Re1 61.Re7 Bf4 62.Nd6 Rb1 63.Nxf7 Rxb5 64.Rxa7 Kg4
65.Ra4 Rb2+ 66.Kg1 Kf3 67.Ra3+ Be3+ 68.Kh1 Kf2 69.Rxe3 Kxe3 70.Ne5 Rf2 71.f7 Ke4
72.Kg1 Rf6 73.Nc4 Kd5 74.Nd2 Rxf7 75.Kg2 Ke5 76.Kg3 Kf5 77.Nf3 Ra7 78.Nh4+ Kf6
79.Kf4 Ra4+ 80.Kg3 Rg4+ 81.Kh3  0-1

[Event "V Magistral da Hebraica"]
[Site "Sao Paulo BRA"]
[Date "2008.04.13"]
[Round "8"]
[White "Stamenkovic,Dr"]
[Black "Milos,G"]
[Result "0-1"]
[WhiteElo "2440"]
[BlackElo "2594"]

1.d4 Nf6 2.Bg5 c5 3.d5 e5 4.c4 d6 5.Nc3 Be7 6.Nf3 O-O 7.e4 Bg4 8.Be3 Nbd7
9.h3 Bxf3 10.Qxf3 Ne8 11.h4 a6 12.Bd3 Nc7 13.a4 Qb8 14.Qg4 Nf6 15.Qe2 Qc8
16.h5 h6 17.f3 Qd8 18.g3 Nd7 19.Kd2 Bg5 20.f4 Bf6 21.Kc2 Qe7 22.Bd2 Rab8
23.Qg4 Rfe8 24.Qf5 Nf8 25.Rhe1 b6 26.g4 g6  0-1

[Event "FSGM April"]
[Site "Budapest HUN"]
[Date "2008.04.14"]
[Round "10"]
[White "Bui Vinh"]
[Black "Wittmann,W"]
[Result "1-0"]
[WhiteElo "2448"]
[BlackElo "2279"]

1.d4 Nf6 2.Bg5 d5 3.Bxf6 gxf6 4.c4 dxc4 5.e4 Nc6 6.d5 Ne5 7.f4 Nd3+ 8.Bxd3 cxd3
9.Qxd3 c6 10.Nc3 cxd5 11.exd5 Qb6 12.Nge2 Bd7 13.O-O-O O-O-O 14.Nd4 Kb8 15.Rhe1 Rc8
16.Kb1 e6 17.dxe6 fxe6 18.Nb3 Be8 19.f5 exf5 20.Qg3+ Qc7 21.Qxc7+ Kxc7 22.Nd5+ Kb8
23.Nxf6 Bc6 24.Nd7+ Ka8 25.Nxf8 Rcxf8 26.g3  1-0

[Event "IX EICC"]
[Site "Plovdiv BUL"]
[Date "2008.04.21"]
[Round "1"]
[White "Milovic,J"]
[Black "Nijboer,F"]
[Result "0-1"]
[WhiteElo "2280"]
[BlackElo "2558"]

1.d4 Nf6 2.Bg5 c5 3.d5 Ne4 4.Bf4 Qb6 5.Qc1 e6 6.c4 exd5 7.cxd5 c4 8.e3 Bb4+
9.Nc3 Qf6 10.Ne2 Na6 11.Nd4 g5 12.Bg3 h5 13.Bxc4 h4 14.O-O Bxc3 15.bxc3 hxg3
16.fxg3 Qh6 17.h3 d6 18.Bb5+ Kf8 19.Bxa6 Bxh3 20.Bd3 Bxg2 21.Kxg2 Qh2+ 22.Kf3 Nd2+
23.Qxd2 Qxd2 24.Rad1 Qh2 25.Kg4 Qg2 26.e4 Rh4+  0-1

[Event "IX EICC"]
[Site "Plovdiv BUL"]
[Date "2008.04.24"]
[Round "4"]
[White "Arnaudov,P"]
[Black "Grunberg,M"]
[Result "0-1"]
[WhiteElo "2162"]
[BlackElo "2422"]

1.d4 Nf6 2.Bg5 c5 3.d5 Qb6 4.Bc1 e6 5.c4 Qb4+ 6.Nc3 Qxc4 7.e3 Qb4 8.Bd2 Qb6
9.e4 d6 10.Nf3 Be7 11.Bc4 O-O 12.O-O exd5 13.exd5 Bg4 14.Re1 Re8 15.h3 Bxf3
16.Qxf3 Nbd7 17.Bf4 Bf8 18.b3 a6 19.a4 Rxe1+ 20.Rxe1 Re8 21.Rxe8 Nxe8 22.g4 Qd8
23.Ne4 Qe7 24.Bf1 g6 25.Nd2 Ne5 26.Qe2 Bg7 27.Bg3 Kf8 28.a5 Nd7 29.Qd1 Be5
30.f4 Bd4+ 31.Kh2 Nc7 32.Bg2 Nb5 33.Nc4 Nc3 34.Qf3 Ne2 35.Bf2 Bxf2 36.Qxf2 Nd4
37.g5 Nf5 38.h4 Nd4 39.Qe3 Ke8 40.h5 Kd8 41.hxg6 hxg6 42.Qd3 Kc7 43.Ne3 f6
44.b4 fxg5 45.bxc5 dxc5 46.fxg5 Qe5+ 47.Kh1 Nb5 48.Nc4 Qe1+ 49.Kh2 Qh4+ 50.Bh3 Nd4
51.Qe3 Nf5 52.Qd3 Qf4+ 53.Kh1 Qxg5 54.Bg2 Qf4  0-1

[Event "IX EICC"]
[Site "Plovdiv BUL"]
[Date "2008.04.24"]
[Round "4"]
[White "Miladinovic,I"]
[Black "Llaneza Vega,M"]
[Result "1-0"]
[WhiteElo "2579"]
[BlackElo "2425"]

1.d4 Nf6 2.Bg5 c5 3.dxc5 e6 4.e3 Bxc5 5.Nd2 d5 6.Ngf3 Nbd7 7.c4 h6 8.Bh4 Be7
9.cxd5 Nxd5 10.Bg3 O-O 11.Rc1 Nc5 12.a3 Bd7 13.Bc4 Nb6 14.Be2 Ba4 15.b3 Bxb3
16.Nxb3 Qxd1+ 17.Bxd1 Nd3+ 18.Ke2 Nxc1+ 19.Nxc1 Bxa3 20.Bb3 a5 21.Nd3 a4
22.Ba2 Rfc8 23.Nd4 Bf8 24.Rb1 Nd5 25.Bxd5 exd5 26.Nc1 Rc4 27.Kd3 Rb4 28.Rxb4 Bxb4
29.Na2 Bc5 30.Nb5 Ra5 31.Nbc3 b5 32.Nxd5 b4 33.Ndxb4 Bxb4 34.Nxb4 a3 35.Na2 Rb5
36.Kc3 f6 37.Bd6 Rb2 38.Nc1 Rxf2 39.Bxa3 Rxg2 40.Bd6 Kf7 41.Kd3 Ke6 42.Bg3 Kf5
43.Ne2 Kg4 44.e4 h5 45.Ke3 g5 46.Bd6 h4 47.Bc7 Kh3 48.Kf3 Rg4 49.Bd8 Rg2
50.Bxf6 g4+ 51.Ke3 Rxh2 52.e5 Rh1 53.e6 Rb1 54.Bd8 Rb5 55.Bc7 Rg5 56.e7 Rg8
57.Nf4+ Kh2 58.Ng6+ g3 59.Nf8 Kh1 60.e8=Q g2 61.Qe4 h3 62.Qf3 h2 63.Bd6 Rg4
64.Ne6 Rg8 65.Kd2 Rh8 66.Nf4 Rg8 67.Nxg2  1-0

[Event "IX EICC"]
[Site "Plovdiv BUL"]
[Date "2008.04.25"]
[Round "5"]
[White "Milovic,J"]
[Black "Perunovic,Mio"]
[Result "1/2-1/2"]
[WhiteElo "2280"]
[BlackElo "2420"]

1.d4 Nf6 2.Bg5 d5 3.Bxf6 exf6 4.e3 Bd6 5.Ne2 f5 6.Nf4 c6 7.Bd3 Qb6 8.O-O Qxb2
9.Nd2 O-O 10.Rb1 Qa3 11.Qh5 g6 12.Qh6 Bxf4 13.exf4 Nd7 14.Bxf5 Nf6 15.Bxc8 Raxc8
16.Qh4 Kg7 17.Rxb7 Qxa2 18.Nf3 Rb8 19.Rc7 Rb1 20.g4 Rxf1+ 21.Kxf1 Qxc2 22.Ng5 Kg8
23.Kg2 h5 24.h3 a5 25.Nf3 hxg4 26.hxg4 Kg7 27.Ng5 Qe2 28.f5 Kg8 29.Nf3 Kg7
30.fxg6 Qe4 31.gxf7 Qxg4+ 32.Qxg4+ Nxg4 33.Ng5 Kg6 34.f4 Nh6 35.Rxc6+ Kh5
36.Rd6 Nxf7 37.Rf6 Nxg5 38.Rxf8 Ne6 39.Rf6 Nxd4 40.Kh3 Ne2 41.Rf5+ Kg6 42.Kg4 Nc3
43.Rg5+ Kf6 44.f5 d4 45.Rg6+ Ke5 46.Rc6 Kd5 47.Ra6 d3 48.Rxa5+ Kd6  1/2-1/2

[Event "26th Metz Open"]
[Site "Metz St Symphorien FRA"]
[Date "2008.04.26"]
[Round "8"]
[White "Baillot,J"]
[Black "Bauer,Ch"]
[Result "0-1"]
[WhiteElo "1989"]
[BlackElo "2619"]

1.d4 Nf6 2.Bg5 d5 3.Bxf6 gxf6 4.e3 c5 5.c3 e5 6.Nf3 Nc6 7.Qb3 a6 8.a4 Be6
9.Nbd2 c4 10.Qc2 b5 11.axb5 axb5 12.Rxa8 Qxa8 13.Be2 e4 14.Nh4 f5 15.g3 b4
16.O-O Be7 17.Ng2 Qa2 18.Qb1 Qxb1 19.Rxb1 Kd7 20.Nf4 Bd6 21.Ra1 Rb8 22.Ra2 Kc7
23.Kf1 Rb6 24.Nxe4 dxe4 25.d5 Bxf4 26.dxe6 Bd6 27.exf7 Ne5 28.Ra5 Nd3 29.Rxf5 Nxb2
30.cxb4 c3 31.Rd5 Bxb4 32.Bd1 Nxd1 33.Rxd1 Ba3 34.Rc1 Rc6 35.Rc2 Kd7 36.Ke2 Ke7
37.f3 exf3+ 38.Kxf3 Bb2 39.Ke2 Rd6 40.Ke1 Kxf7 41.Ke2  0-1

[Event "26th Metz Open"]
[Site "Metz St Symphorien FRA"]
[Date "2008.04.26"]
[Round "8"]
[White "Dal Borgo,A"]
[Black "Blanchon,P"]
[Result "1-0"]
[WhiteElo "2164"]
[BlackElo "1755"]

1.d4 Nf6 2.Bg5 g6 3.Bxf6 exf6 4.e3 d5 5.c4 dxc4 6.Bxc4 Bg7 7.Nc3 f5 8.Qf3 O-O
9.Nge2 Nd7 10.O-O-O c6 11.Nf4 Qf6 12.h4 Rd8 13.e4 Nb6 14.e5 Qe7 15.Bb3 Be6
16.Nxe6 fxe6 17.h5 Bh6+ 18.Kb1 g5 19.Qxf5 Nd5 20.Bxd5 cxd5 21.Qd3 Bf8 22.Rdf1 b5
23.f4  1-0

[Event "IX EICC w"]
[Site "Plovdiv BUL"]
[Date "2008.04.27"]
[Round "7"]
[White "Danielian,E"]
[Black "Peptan,C"]
[Result "1-0"]
[WhiteElo "2479"]
[BlackElo "2415"]

1.d4 Nf6 2.Bg5 d5 3.Bxf6 exf6 4.e3 c6 5.g3 Bd6 6.Bg2 Na6 7.Nd2 O-O 8.Ne2 Re8
9.O-O Bf5 10.c4 dxc4 11.Nxc4 Bf8 12.a3 Qd7 13.Na5 Rab8 14.b4 Nc7 15.Nc3 Bh3
16.Rc1 Bxg2 17.Kxg2 f5 18.Qf3 g6 19.h4 h5 20.Rfd1 Red8 21.Rc2 Qe6 22.Rb1 Nd5
23.Nxd5 Rxd5 24.Nc4 Rbd8 25.Nb2 a5 26.Nd3 Qc8 27.b5 Bxa3 28.bxc6 bxc6 29.Ne5 c5
30.e4 Rxd4 31.Qxa3 Qa8 32.Qf3 Rxe4 33.Rxc5 a4 34.Rbb5 a3 35.Ra5 a2 36.Nc6 a1=Q
37.Rxa1 Qxa1 38.Nxd8 Qd4 39.Rc8 Re8 40.Ne6 Qd7 41.Rxe8+ Qxe8 42.Nf4 Qe5 43.Qd5 Qf6
44.Nd3 Qe7 45.Ne5 Kg7 46.Qd4 Kg8 47.Nd7 Qe6 48.Nf6+ Kf8 49.Qe5 Qc6+ 50.Nd5 Kg8
51.Kh2 Qc2 52.Nf6+ Kf8 53.Nd7+ Kg8 54.Qe8+  1-0

[Event "XIV Leonardo di Bona Magistrale"]
[Site "Cutro ITA"]
[Date "2008.04.29"]
[Round "7"]
[White "Damia,A"]
[Black "Gladyszev,O"]
[Result "1/2-1/2"]
[WhiteElo "2302"]
[BlackElo "2497"]

1.d4 Nf6 2.Bg5 c5 3.Nc3 cxd4 4.Qxd4 Nc6 5.Qh4 Qa5 6.O-O-O d6 7.Bxf6 gxf6
8.Rd5 Qc7 9.e3 Be6 10.Rh5 Rg8 11.h3 a6 12.Nge2 Rc8 13.Nf4 b5 14.Nxe6 fxe6
15.Rxh7 Ne5 16.a3 d5 17.g3 Qc6 18.Be2 d4 19.Bh5+ Ng6 20.Qe4 dxc3 21.Bxg6+ Kd7
22.Rd1+ Kc7 23.Qxc6+ Kxc6 24.Be4+ Kb6 25.b3 f5 26.Bf3  1/2-1/2

[Event "IX EICC"]
[Site "Plovdiv BUL"]
[Date "2008.04.29"]
[Round "8"]
[White "Miladinovic,I"]
[Black "Bosiocic,Mari"]
[Result "1-0"]
[WhiteElo "2579"]
[BlackElo "2503"]

1.d4 Nf6 2.Bg5 c5 3.dxc5 e6 4.e3 Bxc5 5.Nd2 d5 6.Ngf3 Nbd7 7.c4 Be7 8.Be2 O-O
9.O-O b6 10.Rc1 Bb7 11.a3 a5 12.Qc2 Ne4 13.Bxe7 Qxe7 14.cxd5 Nxd2 15.Qxd2 Bxd5
16.Nd4 Nc5 17.f3 Qg5 18.b4 axb4 19.axb4 Ra2 20.Rc2 Rxc2 21.Nxc2 Nb7 22.Qd4 Rc8
23.Na3 Ra8 24.Nb5 Nd8 25.e4 Bc6 26.Qxb6 Qd2 27.Rd1 Qxe2 28.Nc3  1-0

[Event "IX EICC"]
[Site "Plovdiv BUL"]
[Date "2008.04.29"]
[Round "8"]
[White "Stavrianakis,I"]
[Black "Aristotelous,V"]
[Result "1-0"]
[WhiteElo "2121"]
[BlackElo "1954"]

1.d4 Nf6 2.Bg5 g6 3.Bxf6 exf6 4.e3 Bg7 5.g3 d6 6.Bg2 O-O 7.Ne2 c6 8.O-O Bg4
9.Qd2 Qc8 10.Re1 Bxe2 11.Rxe2 f5 12.c4 Nd7 13.Nc3 Nf6 14.Qd3 Re8 15.a3 Qd7
16.b4 Re7 17.Rd1 Rae8 18.d5 Ng4 19.dxc6 bxc6 20.Nb1 Re6 21.Qb3 g5 22.b5 Rb8
23.bxc6 Qc7 24.Qd3 Ne5 25.Qxf5 Nxc6 26.Qxg5 Ne5 27.Rc2 Qc5 28.Qh5 Rh6 29.Qe2 Ng6
30.h3 Ne5 31.Kh2 Rg6 32.Qd2 Bh6 33.Qd4 Qc7 34.Nd2 Bg7 35.Qd5 h5 36.f4 Nd7
37.Ne4 Nb6 38.Qxh5 Re8 39.Qe2 Rge6 40.Qd3 Nc8 41.g4 Qe7 42.Ng3 Rxe3 43.Nf5 Qf6
44.Nxe3 Qxf4+ 45.Kh1 Rxe3 46.Qf5 Qxf5 47.gxf5 Rxa3 48.c5 Be5 49.c6 Kf8 50.Rb1 Ke8
51.Rb8 Ra1+ 52.Bf1 Kd8 53.Kg2 d5 54.c7+ Bxc7 55.Rb7 Bb6 56.Rxf7 Nd6 57.Rf6 Ne4
58.Rg6 Ke7 59.Bd3 Nf6 60.Rc6 Nh5 61.Kf3 Ra3 62.Kg4 Rxd3 63.Kxh5 Rxh3+ 64.Kg4 Rh7
65.Rge6+ Kf7 66.Red6 Rg7+ 67.Kf4 d4 68.Ke5 Kg8 69.f6 Rg1 70.Rd7 Re1+ 71.Kd5 Kf8
72.f7 Rf1 73.Rc8+  1-0

[Event "XIV Leonardo di Bona Magistrale"]
[Site "Cutro ITA"]
[Date "2008.04.30"]
[Round "8"]
[White "Bentivegna,F"]
[Black "Van Hoolandt,P"]
[Result "0-1"]
[WhiteElo "2361"]
[BlackElo "2183"]

1.d4 Nf6 2.Bg5 d5 3.e3 c5 4.Bxf6 gxf6 5.c4 cxd4 6.exd4 Nc6 7.Nc3 dxc4 8.d5 Ne5
9.Bxc4 Nxc4 10.Qa4+ Bd7 11.Qxc4 Qb6 12.Nge2 Bg7 13.O-O f5 14.Rad1 O-O 15.d6 e6
16.Rd3 Qa6 17.Qxa6 bxa6 18.f4 Rab8 19.Rd2 Rfc8 20.Rfd1 Rc4 21.g3 Bf6 22.Nc1 a5
23.Nd3 a4 24.a3 Bd4+ 25.Kf1 f6 26.Nb4 Bxc3 27.bxc3 Rxc3 28.Rc2 Rxc2 29.Nxc2 Kf7
30.Kf2 Rb3 31.Rd4 Rc3 32.Ne3 Rxa3 33.Rc4 Rd3 34.Rc7 Rxd6 35.Rxa7 Rd4 36.Nc4 Rxc4
37.Rxd7+ Kg6 38.Ra7 Rc2+ 39.Kf3 Rc3+ 40.Kg2 Rc2+ 41.Kf3 Rxh2 42.Rxa4 e5 43.Ra5 e4+
44.Ke3 Rg2 45.g4 Rxg4 46.Ra8 Rg3+ 47.Ke2 Rf3  0-1

[Event "IX EICC"]
[Site "Plovdiv BUL"]
[Date "2008.04.30"]
[Round "9"]
[White "Stavrianakis,I"]
[Black "Dorfanis,I"]
[Result "1-0"]
[WhiteElo "2121"]
[BlackElo "2207"]

1.d4 Nf6 2.Bg5 d5 3.Bxf6 gxf6 4.Nf3 c5 5.c3 Qb6 6.Qc1 Nc6 7.e3 Bh6 8.dxc5 Qxc5
9.Nbd2 e5 10.Qc2 f5 11.O-O-O e4 12.Nb3 Qe7 13.Nfd4 O-O 14.Nxc6 bxc6 15.c4 Be6
16.c5 a5 17.Nd4 Bd7 18.Kb1 Rfb8 19.Qc3 Rb4 20.g3 Bg7 21.a3 Rb7 22.Be2 Rab8
23.Rd2 Rb3 24.Qxb3 Rxb3 25.Nxb3 a4 26.Nd4 Qxc5 27.Rc1 Qb6 28.Bd1 c5 29.Ne2 d4
30.exd4 cxd4 31.Rc4 Qa5 32.Kc1 d3 33.Nf4 Qb5 34.Rb4 Qc5+ 35.Kb1 Bd4 36.Nxd3 exd3
37.Rxd3 Bxf2 38.Rxd7 Kg7 39.Bxa4 Be3 40.Bb3 Kg6 41.Rxf7 Qc1+ 42.Ka2 Qd2 43.Re7 Bc5
44.Re6+ Kh5 45.Rc4 Bd4 46.Rc2 Qg5 47.Rce2 Kg4 48.Rc6 Qg7 49.Rc4 Kg5 50.Re6 Qd7
51.Ra6 Be3 52.Ra8 Kf6 53.Rac8 Ke5 54.R8c7 Qb5 55.Re7+  1-0

[Event "IX EICC"]
[Site "Plovdiv BUL"]
[Date "2008.05.01"]
[Round "10"]
[White "Fridman,D2"]
[Black "Kempinski,R"]
[Result "1/2-1/2"]
[WhiteElo "2640"]
[BlackElo "2595"]

1.d4 Nf6 2.Bg5 d5 3.Nf3 e6 4.c4 h6 5.Bxf6 Qxf6 6.Nc3 c6 7.g3 Nd7 8.Bg2 Nb6
9.c5 Nd7 10.e4 Qd8 11.O-O Be7 12.b4 O-O 13.Re1 dxe4 14.Nxe4 Qc7 15.Rb1 Rd8
16.Qc2 Nf6 17.a4 Bd7 18.Ne5 Be8 19.Red1 Rac8 20.a5 b6 21.axb6 axb6 22.Nc4 bxc5
23.bxc5 Nxe4 24.Qxe4 Rb8 25.h4 Rxb1 26.Rxb1 Qd7 27.Ne5 Qxd4 28.Qxd4 Rxd4
29.Bxc6 Rd8 30.Bxe8 Rxe8 31.c6 Rc8 32.Rc1 f6 33.Ng6 Bd6 34.h5 e5 35.Nh4 Kf7
36.Nf5 Bf8 37.Kg2 Ke6 38.g4 Kd5 39.c7 Ke6 40.Ne3 Bd6 41.Nf5 Bf8 42.Kf3 Kd7
43.Ke4 Rxc7 44.Rxc7+ Kxc7 45.Ne3 Kd6 46.Kf5 e4 47.Nf1 Ke7 48.Kxe4 Kf7 49.Kf5 Bc5
50.f3 Bd6 51.Ne3 Bc7 52.Nc4 Bb8 53.Na5 Bd6 54.Nb7 Be7 55.f4 Ba3 56.Nd8+ Ke7
57.Nc6+ Kf7 58.Nd8+  1/2-1/2

[Event "IX EICC"]
[Site "Plovdiv BUL"]
[Date "2008.05.02"]
[Round "11"]
[White "Pankov,Ger"]
[Black "Perunovic,Mio"]
[Result "0-1"]
[WhiteElo "2349"]
[BlackElo "2420"]

1.d4 Nf6 2.Bg5 d5 3.Nd2 Nbd7 4.e3 e6 5.Ngf3 Be7 6.c4 O-O 7.Bd3 c5 8.cxd5 Nxd5
9.Bxe7 Qxe7 10.Rc1 b6 11.Nb3 cxd4 12.Nbxd4 Nc5 13.Bb5 Bb7 14.O-O Rac8 15.Qe2 a6
16.Bc4 b5 17.Bb3 e5 18.Nf5 Qf6 19.Ng3 Nxb3 20.axb3 Qe6 21.Ne4 Qe7 22.Qd2 f5
23.Rxc8 Rxc8 24.Ng3 Rf8 25.e4 fxe4 26.Nxe4 Nf4 27.Qe3 Qe6 28.Ne1 Qg6 29.Ng3 h5
30.f3 h4 31.Ne2 h3 32.g3 Nxe2+ 33.Qxe2 e4 34.fxe4 Qb6+ 35.Rf2 Bxe4 36.Kf1 Re8
37.Qh5 Qe6 38.Qd1 Bc6 39.Rf4 Qe3 40.Nf3 Be4 41.Ne1 b4 42.Rf2 Bc6  0-1